[Event "USA-ch (Women)"]
[Site "Parsippany"]
[Date "1996.??.??"]
[Round "4"]
[White "Burtman, Sharon"]
[Black "Levitina, Irina S"]
[Result "0-1"]
[WhiteElo "2110"]
[BlackElo "2420"]
[PlyCount "156"]
[EventDate "1996.07.??"]
[EventType "tourn"]
[EventRounds "9"]
[EventCountry "USA"]
[SourceTitle "EXT 1998"]
[Source "ChessBase"]
[SourceDate "1997.11.17"]
[SourceVersion "1"]
[SourceVersionDate "1997.11.17"]
[SourceQuality "1"]

1. d4 e6 2. c4 f5 3. Nf3 Nf6 4. g3 d5 5. Bg2 c6 6. 0-0 Bd6 7. b3 Qe7 8. a4 0-0 9. Ba3 Bxa3 10. Nxa3 Bd7 11. Ne5 Be8 12. Nd3 Nbd7 13. Qc2 Ne4 14. Qb2 Qg5 15. b4 Qh6 16. Rfc1 Ndf6 17. f3 Ng5 18. Nc5 b6 19. Nd3 Nh3+ 20. Kh1 g5 21. Qd2 f4 22. g4 Bg6 23. Qe1 Be4 24. Ne5 dxc4 25. Naxc4 Bd5 26. Na3 Rad8 27. Qf1 Nd7 28. Nxd7 Rxd7 29. Bxh3 Bb3 30. Nc2 Rfd8 31. Bg2 Bxc2 32. Rxc2 Rxd4 33. Rb1 e5 34. Qe1 Qd6 35. Rcc1 Rd2 36. Bf1 Qd4 37. Kg2 e4 38. Kh1 Qe3 39. fxe4 f3 40. Rxc6 f2 41. Qc1 Qxe4+ 42. Bg2 Qxe2 43. Qc4+ Qxc4 44. Rxc4 Rd1+ 45. Rxd1 Rxd1+ 46. Bf1 Rxf1+ 47. Kg2 Ra1 48. Kxf2 Rxa4 49. Rc8+ Kf7 50. Rc7+ Kf6 51. Rxh7 Rxb4 52. Rxa7 Rxg4 53. Rd7 b5 54. Rb7 Rb4 55. Rd7 Kf5 56. h3 Rb2+ 57. Kf3 Rb3+ 58. Kf2 b4 59. Rd5+ Kf4 60. Rd4+ Ke5 61. Rg4 Kf5 62. Ke2 Rb1 63. Kd2 Rb2+ 64. Kc1 Rb3 65. Kd2 Rxh3 66. Rxb4 Rf3 67. Ke2 g4 68. Ra4 Kg5 69. Ra8 Kh4 70. Rh8+ Kg3 71. Rg8 Rf7 72. Rg6 Kh3 73. Rg8 g3 74. Rg6 Kh2 75. Rh6+ Kg1 76. Rh8 g2 77. Rh6 Re7+ 78. Kd2 Re5 0-1

[Event "USA-ch (Women)"]
[Site "Parsippany"]
[Date "1996.??.??"]
[Round "6"]
[White "Levitan, Yuliya"]
[Black "Levitina, Irina S"]
[Result "1/2-1/2"]
[WhiteElo "2220"]
[BlackElo "2420"]
[PlyCount "35"]
[EventDate "1996.07.??"]
[EventType "tourn"]
[EventRounds "9"]
[EventCountry "USA"]
[SourceTitle "EXT 1998"]
[Source "ChessBase"]
[SourceDate "1997.11.17"]
[SourceVersion "1"]
[SourceVersionDate "1997.11.17"]
[SourceQuality "1"]

1. d4 Nf6 2. c4 c5 3. d5 e6 4. Nc3 exd5 5. cxd5 d6 6. e4 g6 7. Bd3 Bg7 8. f4 0-0 9. Nf3 a6 10. a4 Bg4 11. 0-0 Nbd7 12. h3 Bxf3 13. Qxf3 Rc8 14. a5 c4 15. Bc2 Rc5 16. Qe2 Rxa5 17. Rxa5 Qxa5 18. Qxc4 1/2-1/2

[Event "USA-ch (Women)"]
[Site "Parsippany"]
[Date "1996.??.??"]
[Round "7"]
[White "Levitina, Irina S"]
[Black "Tverskaya, Julia"]
[Result "1/2-1/2"]
[WhiteElo "2420"]
[BlackElo "2195"]
[PlyCount "20"]
[EventDate "1996.07.??"]
[EventType "tourn"]
[EventRounds "9"]
[EventCountry "USA"]
[SourceTitle "EXT 1998"]
[Source "ChessBase"]
[SourceDate "1997.11.17"]
[SourceVersion "1"]
[SourceVersionDate "1997.11.17"]
[SourceQuality "1"]

1. d4 Nf6 2. Nf3 g6 3. Bg5 Bg7 4. Nbd2 d6 5. c3 Nbd7 6. e4 e5 7. dxe5 Nxe5 8. Nxe5 dxe5 9. Bc4 0-0 10. 0-0 Qe7 1/2-1/2

[Event "Furman Memorial"]
[Site "St Petersburg"]
[Date "1995.??.??"]
[Round "8"]
[White "Vladimirov, Boris T"]
[Black "Levitina, Irina S"]
[Result "1/2-1/2"]
[WhiteElo "2405"]
[BlackElo "2420"]
[PlyCount "35"]
[EventDate "1995.11.??"]
[EventType "tourn"]
[EventRounds "9"]
[EventCountry "RUS"]
[EventCategory "9"]
[SourceTitle "CBM 050 Extra"]
[Source "ChessBase"]
[SourceDate "1996.03.01"]
[SourceVersion "1"]
[SourceVersionDate "1996.03.01"]
[SourceQuality "1"]

1. d4 e6 2. Nc3 d5 3. e4 Bb4 4. exd5 exd5 5. Bd3 Ne7 6. Nge2 Bf5 7. 0-0 c6 8. a3 Bd6 9. Bf4 0-0 10. Bxd6 Qxd6 11. Ng3 Bxd3 12. Qxd3 Nd7 13. Rfe1 Rfe8 14. Re2 Nf6 15. Rae1 Qd7 16. h3 Ng6 17. Rxe8+ Rxe8 18. Rxe8+ 1/2-1/2

[Event "USA-ch (Women)"]
[Site "Long Beach"]
[Date "1993.??.??"]
[Round "?"]
[White "Levitina, Irina S"]
[Black "Hahn, Anna"]
[Result "0-1"]
[WhiteElo "2415"]
[BlackElo "2230"]
[PlyCount "80"]
[EventDate "1993.??.??"]
[EventType "tourn"]
[EventRounds "9"]
[EventCountry "USA"]
[SourceTitle "EXT 1998"]
[Source "ChessBase"]
[SourceDate "1997.11.17"]
[SourceVersion "1"]
[SourceVersionDate "1997.11.17"]
[SourceQuality "1"]

1. d4 Nf6 2. Bg5 d6 3. Nc3 Nbd7 4. e4 e5 5. f4 h6 6. Bxf6 Qxf6 7. Qd2 c6 8. Nge2 Nb6 9. 0-0-0 Bg4 10. g3 exd4 11. Qxd4 Qxd4 12. Rxd4 0-0-0 13. Bg2 Be7 14. h3 Be6 15. b3 f5 16. exf5 Bxf5 17. Rdd1 d5 18. Nd4 Bh7 19. Bf3 Bf6 20. Nce2 Rde8 21. Rh2 Kb8 22. Bg4 c5 23. Nb5 Re3 24. Rf1 Rd8 25. Rf3 Re7 26. Nbc3 d4 27. Nd1 Nd5 28. a3 Ne3 29. Nxe3 dxe3 30. Rf1 Rd2 31. f5 Bg8 32. Rd1 Bb2+ 33. Kxb2 Rxd1 34. Nf4 Rf1 35. Re2 Rf2 36. Kc3 b5 37. h4 c4 38. b4 Re4 39. Bh5 Kc7 40. Ng2 Rxf5 0-1

[Event "Olympiad Women-30"]
[Site "Manila"]
[Date "1992.06.14"]
[Round "6"]
[White "Levitina, Irina S"]
[Black "Chiburdanidze, Maia"]
[Result "0-1"]
[WhiteElo "2400"]
[BlackElo "2485"]
[PlyCount "108"]
[EventDate "1992.06.07"]
[EventType "team-swiss"]
[EventRounds "14"]
[EventCountry "PHI"]
[SourceTitle "EXT 2019"]
[Source "ChessBase"]
[SourceDate "2018.10.10"]
[SourceVersion "1"]
[SourceVersionDate "2018.10.10"]
[SourceQuality "1"]
[WhiteTeam "United States (W)"]
[BlackTeam "Georgia (W)"]
[WhiteTeamCountry "USA"]
[BlackTeamCountry "GEO"]

1. d4 d6 2. e4 g6 3. Nc3 Bg7 4. Bg5 c6 5. Qd2 Nd7 6. f4 b5 7. Nf3 Bb7 8. Bd3 Qb6 9. Bh4 Bxd4 10. Nxd4 Qxd4 11. Bf2 Qg7 12. 0-0 Ngf6 13. Rae1 Ng4 14. Bg3 h5 15. Bh4 Qd4+ 16. Kh1 b4 17. Ne2 Qb6 18. Ng1 Nde5 19. Nf3 Nxd3 20. cxd3 c5 21. f5 gxf5 22. Qg5 f6 23. Qxf5 Kd8 24. h3 Bc8 25. Qd5 Bb7 26. Qe6 Bc8 27. Qd5 Bb7 28. Qe6 Bc8 29. Qf7 Bd7 30. d4 cxd4 31. Qg7 Re8 32. hxg4 hxg4 33. Nh2 Qb5 34. Bxf6 exf6 35. Qxf6+ Kc7 36. Rc1+ Kb7 37. Qxd4 Rac8 38. Qxd6 Rh8 39. Rcd1 Rh7 40. Kg1 Rch8 41. Rd4 Qb6 42. Qxb6+ axb6 43. Rfd1 Ba4 44. b3 Rxh2 45. bxa4 g3 46. Kf1 Rf8+ 47. Ke2 Rxg2+ 48. Ke3 Rxa2 49. Rd7+ Ka6 50. Rg7 Ra3+ 51. Rd3 Rd8 52. Rxa3 bxa3 53. Rxg3 Rd1 54. Rg2 Ka5 0-1

[Event "Helsinki op"]
[Site "Helsinki"]
[Date "1992.??.??"]
[Round "6"]
[White "Budnikov, Alexandar"]
[Black "Levitina, Irina S"]
[Result "1-0"]
[WhiteElo "2540"]
[BlackElo "2415"]
[PlyCount "74"]
[EventDate "1992.09.??"]
[EventType "swiss"]
[EventRounds "9"]
[EventCountry "FIN"]
[SourceTitle "CBM 032"]
[Source "ChessBase"]
[SourceDate "1993.02.01"]
[SourceVersion "1"]
[SourceVersionDate "1993.02.01"]
[SourceQuality "1"]

1. c4 e5 2. g3 d6 3. Bg2 f5 4. Nc3 Nf6 5. d3 c6 6. Nf3 Be7 7. 0-0 0-0 8. b4 Kh8 9. b5 Qe8 10. a4 Qh5 11. c5 Nbd7 12. cxd6 Bxd6 13. bxc6 bxc6 14. Qc2 Rb8 15. Rd1 Nd5 16. Ba3 Bxa3 17. Rxa3 Nb4 18. Qc1 f4 19. Ne4 Nf6 20. Qc5 Bg4 21. Nxf6 gxf6 22. Rb3 Na6 23. Qd6 Rbd8 24. Qxc6 Nb8 25. Qb7 Qe8 26. Ra1 Rf7 27. Qe4 Nd7 28. Rc3 Nb6 29. Rc5 Bxf3 30. Bxf3 Rd4 31. Qf5 Rxa4 32. Rxa4 Qxa4 33. Rc6 Kg7 34. Be4 Qd1+ 35. Kg2 Qxe2 36. Rd6 fxg3 37. Qxh7+ Kf8 1-0

[Event "USA-ch (Women)"]
[Site "Waltham"]
[Date "1992.??.??"]
[Round "2"]
[White "Frenkel, Vera"]
[Black "Levitina, Irina S"]
[Result "0-1"]
[WhiteElo "2120"]
[BlackElo "2400"]
[PlyCount "74"]
[EventDate "1992.??.??"]
[EventType "tourn"]
[EventRounds "9"]
[EventCountry "USA"]
[SourceTitle "EXT 2002"]
[Source "ChessBase"]
[SourceDate "2001.11.25"]
[SourceVersion "1"]
[SourceVersionDate "2001.11.25"]
[SourceQuality "1"]

1. e4 c5 2. c4 d6 3. d3 Nc6 4. f4 g6 5. Nc3 Bg7 6. Be3 Nd4 7. Be2 e6 8. Nf3 Ne7 9. 0-0 Nec6 10. Qd2 0-0 11. Kh1 a6 12. g4 f5 13. gxf5 exf5 14. Nd5 Re8 15. Bxd4 cxd4 16. exf5 Bxf5 17. Ng5 h6 18. Ne4 Kh8 19. Bf3 Ne7 20. Nef6 Rf8 21. Nxe7 Qxe7 22. Nd5 Qh4 23. a4 Rae8 24. Rae1 Rxe1 25. Rxe1 Bxd3 26. Re7 Bxc4 27. Rxb7 Re8 28. Kg2 Re1 29. Qf2 Bf1+ 30. Qxf1 Rxf1 31. Kxf1 d3 32. Ne7 Qh3+ 33. Kf2 Bd4+ 34. Ke1 Qxf3 35. Nxg6+ Kg8 36. Ne7+ Kf7 37. Nf5+ Kf6 0-1

[Event "Candidates (Women)"]
[Site "Shanghai"]
[Date "1992.??.??"]
[Round "13"]
[White "Gaprindashvili, Nona"]
[Black "Levitina, Irina S"]
[Result "1/2-1/2"]
[WhiteElo "2435"]
[BlackElo "2415"]
[PlyCount "73"]
[EventDate "1992.10.??"]
[EventType "tourn"]
[EventRounds "18"]
[EventCountry "CHN"]
[EventCategory "7"]
[SourceTitle "CBM 033"]
[Source "ChessBase"]
[SourceDate "1993.04.01"]
[SourceVersion "1"]
[SourceVersionDate "1993.04.01"]
[SourceQuality "1"]

1. d4 d5 2. c4 dxc4 3. Nf3 Nf6 4. e3 e6 5. Bxc4 a6 6. Bb3 c5 7. 0-0 b5 8. a4 b4 9. Qe2 Bb7 10. Nbd2 cxd4 11. Nxd4 Be7 12. Nc4 Nbd7 13. Rd1 0-0 14. a5 Qc7 15. Bd2 Bd5 16. Rac1 Qb7 17. f3 Bc5 18. Be1 Qa7 19. Bf2 e5 20. Nf5 Be6 21. Ng3 e4 22. Nd2 exf3 23. gxf3 Rfe8 24. Ba4 Rac8 25. Nde4 Nxe4 26. Nxe4 Be7 27. Bc6 Red8 28. Nd6 Bxd6 29. Rxd6 Qc7 30. Bg3 Qxa5 31. Rcd1 Nf8 32. Kf2 Rxd6 33. Rxd6 b3 34. Be4 Bc4 35. Qd1 Be6 36. Qe2 Bc4 37. Qd1 1/2-1/2

[Event "Belgrade (Women)"]
[Site "Belgrade"]
[Date "1992.??.??"]
[Round "5"]
[White "Kalevic, Sanja"]
[Black "Levitina, Irina S"]
[Result "1/2-1/2"]
[WhiteElo "2270"]
[BlackElo "2400"]
[PlyCount "75"]
[EventDate "1992.??.??"]
[EventType "tourn"]
[EventRounds "11"]
[EventCountry "YUG"]
[EventCategory "6"]
[SourceTitle "TD"]
[Source "ChessBase"]
[SourceDate "1994.03.01"]
[SourceVersion "1"]
[SourceVersionDate "1994.03.01"]
[SourceQuality "1"]

1. e4 c5 2. Nf3 d6 3. d4 cxd4 4. Nxd4 Nf6 5. Nc3 Nc6 6. Bg5 e6 7. Qd2 a6 8. 0-0-0 Bd7 9. f4 Be7 10. Nf3 b5 11. Bd3 b4 12. Ne2 Qb6 13. h3 a5 14. Kb1 a4 15. g4 Rd8 16. Bh4 Bc8 17. g5 Nd7 18. f5 Nde5 19. Nxe5 dxe5 20. f6 gxf6 21. gxf6 Bc5 22. Qh6 Nd4 23. Qg7 Rf8 24. Bg5 Ba6 25. Bxa6 Qxa6 26. Nxd4 exd4 27. Bh6 b3 28. Qg2 bxa2+ 29. Ka1 Qb5 30. Bxf8 Bxf8 31. c3 d3 32. e5 Qc4 33. Qb7 a3 34. Rh2 Rd7 35. Qb8+ Rd8 36. Qb7 Rd7 37. Qb8+ Rd8 38. Qb7 1/2-1/2

[Event "Belgrade (Women)"]
[Site "Belgrade"]
[Date "1992.??.??"]
[Round "4"]
[White "Levitina, Irina S"]
[Black "Bojkovic, Natasa"]
[Result "1/2-1/2"]
[WhiteElo "2400"]
[BlackElo "2330"]
[PlyCount "101"]
[EventDate "1992.??.??"]
[EventType "tourn"]
[EventRounds "11"]
[EventCountry "YUG"]
[EventCategory "6"]
[SourceTitle "TD"]
[Source "ChessBase"]
[SourceDate "1994.03.01"]
[SourceVersion "1"]
[SourceVersionDate "1994.03.01"]
[SourceQuality "1"]

1. d4 Nf6 2. Bg5 c5 3. d5 Qb6 4. Nc3 Qxb2 5. Bd2 Qb6 6. e4 d6 7. Nf3 g6 8. h3 Bg7 9. Bc4 0-0 10. 0-0 Qd8 11. Rb1 b6 12. Qe2 e5 13. dxe6 Bxe6 14. Rbd1 Nc6 15. Bg5 Qc8 16. Nb5 Ne8 17. Nxd6 Nxd6 18. Rxd6 Bxc4 19. Qxc4 Nd4 20. Qd3 Nxf3+ 21. Qxf3 Qa6 22. h4 Qxa2 23. h5 f6 24. Be3 Qf7 25. hxg6 hxg6 26. Rfd1 Rae8 27. Rd7 Re7 28. Rxe7 Qxe7 29. Qg4 Re8 30. f3 Qf7 31. Rd7 Qe6 32. Qxe6+ Rxe6 33. Rxa7 f5 34. Rb7 fxe4 35. fxe4 Rxe4 36. Kf2 Re6 37. Bf4 Bd4+ 38. Kf3 Kf8 39. c4 Ke8 40. Bc7 Re3+ 41. Kf4 Rc3 42. Rxb6 Kf7 43. Be5 Bxe5+ 44. Kxe5 Rxc4 45. Rb7+ Kg8 46. Rc7 Rg4 47. Rxc5 Rg5+ 48. Kd4 Rxg2 49. Ke3 Kg7 50. Kf3 Rg1 51. Kf2 1/2-1/2

[Event "Belgrade (Women)"]
[Site "Belgrade"]
[Date "1992.??.??"]
[Round "8"]
[White "Levitina, Irina S"]
[Black "Matveeva, Svetlana"]
[Result "1-0"]
[WhiteElo "2400"]
[BlackElo "2425"]
[PlyCount "95"]
[EventDate "1992.??.??"]
[EventType "tourn"]
[EventRounds "11"]
[EventCountry "YUG"]
[EventCategory "6"]
[SourceTitle "TD"]
[Source "ChessBase"]
[SourceDate "1994.03.01"]
[SourceVersion "1"]
[SourceVersionDate "1994.03.01"]
[SourceQuality "1"]

1. d4 Nf6 2. c4 g6 3. Nc3 Bg7 4. e4 d6 5. Be2 0-0 6. Bg5 h6 7. Be3 c5 8. d5 e6 9. Qd2 exd5 10. cxd5 Re8 11. f3 h5 12. a4 a6 13. Ra2 Qc7 14. a5 Bd7 15. Bd3 b5 16. axb6 Qxb6 17. Nge2 a5 18. 0-0 Na6 19. Bc4 Qb4 20. b3 Nc7 21. Bf4 Qb6 22. Nc1 Na6 23. Kh1 Nb4 24. Ra3 Nh7 25. N1e2 Ra7 26. Na4 Qc7 27. Nec3 Rb7 28. Raa1 Nf8 29. Rae1 Bd4 30. Bg3 Qb8 31. f4 Qd8 32. e5 Bxa4 33. bxa4 h4 34. Bf2 dxe5 35. fxe5 Rxe5 36. Rxe5 Bxe5 37. Ne4 Rd7 38. Nxc5 Rc7 39. Bb3 Nd7 40. Ne4 Rb7 41. d6 h3 42. Bxf7+ Kg7 43. Bg3 hxg2+ 44. Qxg2 Nd3 45. Ng5 N7c5 46. Ne6+ Nxe6 47. Qxb7 Nec5 48. Qe7 1-0

[Event "Candidates (Women)"]
[Site "Shanghai"]
[Date "1992.??.??"]
[Round "16"]
[White "Levitina, Irina S"]
[Black "Polgar, Zsuzsa"]
[Result "1/2-1/2"]
[WhiteElo "2415"]
[BlackElo "2540"]
[PlyCount "146"]
[EventDate "1992.10.??"]
[EventType "tourn"]
[EventRounds "18"]
[EventCountry "CHN"]
[EventCategory "7"]
[SourceTitle "CBM 033"]
[Source "ChessBase"]
[SourceDate "1993.04.01"]
[SourceVersion "1"]
[SourceVersionDate "1993.04.01"]
[SourceQuality "1"]

1. d4 d5 2. c4 dxc4 3. e4 c5 4. Nf3 Nf6 5. Nc3 cxd4 6. Qxd4 Qxd4 7. Nxd4 e5 8. Ndb5 Kd8 9. Be3 Be6 10. f4 exf4 11. Bxf4 Nbd7 12. Be2 Bc5 13. 0-0-0 Rc8 14. Nd6 Bxd6 15. Bxd6 Ne8 16. Bg3 Nc7 17. Kb1 Na6 18. Nb5 Nac5 19. Nd6 Rc6 20. Bxc4 Bxc4 21. Nxc4 Ke7 22. Nd6 g6 23. e5 a6 24. Rhf1 Rf8 25. Bf4 f5 26. exf6+ Nxf6 27. Rfe1+ Ne6 28. Nxb7 Kf7 29. Bg3 h6 30. b3 Nh5 31. Bd6 Re8 32. Ba3 Ra8 33. Nd6+ Kf6 34. Rd2 Nhf4 35. g3 Nh3 36. Rf1+ Kg7 37. Re2 Nd4 38. Re7+ Kg8 39. Rff7 Ng5 40. Rg7+ Kh8 41. Rxg6 Rf8 42. Rxh6+ Kg8 43. Rg6+ Kh8 44. Rh6+ Kg8 45. Rg6+ Kh8 46. Re1 Ngf3 47. Rd1 Kh7 48. Ne4 Kxg6 49. Bxf8 Kf5 50. Nd6+ Kg4 51. Nc4 Re6 52. Bc5 Nf5 53. Rd3 Nxh2 54. Ne3+ Nxe3 55. Bxe3 Kxg3 56. Bg1+ Nf3 57. Kb2 Kf4 58. Bc5 Rc6 59. Rc3 Ke4 60. b4 Ne5 61. Kb3 Kd5 62. Ka4 Rg6 63. a3 Nc4 64. Rh3 Kc6 65. Rh4 Nb6+ 66. Ka5 Nd7 67. Be3 Kb7 68. Rh7 Rd6 69. Bc5 Rd3 70. a4 Rd5 71. Rg7 Kb8 72. Rxd7 Rxd7 73. Kxa6 Rd1 1/2-1/2

[Event "Candidates (Women)"]
[Site "Shanghai"]
[Date "1992.??.??"]
[Round "1"]
[White "Levitina, Irina S"]
[Black "Qin, Kanying"]
[Result "1/2-1/2"]
[WhiteElo "2415"]
[BlackElo "2315"]
[PlyCount "120"]
[EventDate "1992.10.??"]
[EventType "tourn"]
[EventRounds "18"]
[EventCountry "CHN"]
[EventCategory "7"]
[SourceTitle "CBM 033"]
[Source "ChessBase"]
[SourceDate "1993.04.01"]
[SourceVersion "1"]
[SourceVersionDate "1993.04.01"]
[SourceQuality "1"]

1. c4 Nf6 2. Nc3 d5 3. cxd5 Nxd5 4. Nf3 g6 5. Qa4+ Bd7 6. Qh4 Bc6 7. Qd4 f6 8. e3 Bg7 9. Be2 e5 10. Qc4 Qd6 11. 0-0 Nd7 12. d4 Nxc3 13. bxc3 0-0-0 14. Qb3 Nb6 15. Ba3 Qd7 16. c4 exd4 17. Nxd4 Ba4 18. Qb4 Kb8 19. Qa5 f5 20. Bb2 Rhg8 21. Rac1 Nc8 22. Bf3 Bxd4 23. exd4 b6 24. Qa6 Bc6 25. Bxc6 Qxc6 26. d5 Qb7 27. Qa4 Rde8 28. Rfe1 Nd6 29. Ba3 b5 30. cxb5 Rxe1+ 31. Rxe1 Qxd5 32. Bxd6 Qxd6 33. Rd1 Qb6 34. Qc4 Re8 35. g3 h5 36. h4 Qf6 37. Kg2 Qe5 38. Rd3 Qe4+ 39. Qxe4 Rxe4 40. Rd8+ Kb7 41. Rg8 Re6 42. Kf3 a6 43. a4 a5 44. Rg7 Kb8 45. Rg8+ Ka7 46. Rf8 Re4 47. Rf6 Rxa4 48. Rxg6 Kb7 49. Ra6 Ra2 50. Kf4 Rxf2+ 51. Kg5 Rf3 52. Kxh5 c5 53. g4 fxg4 54. Kxg4 Rf1 55. Rxa5 Rg1+ 56. Kf5 Kb6 57. Ra8 Kxb5 58. h5 Rh1 59. Kg6 Rg1+ 60. Kf6 Rf1+ 1/2-1/2

[Event "USA-ch (Women)"]
[Site "Waltham"]
[Date "1992.??.??"]
[Round "3"]
[White "Levitina, Irina S"]
[Black "Tverskaya, Julia"]
[Result "1-0"]
[WhiteElo "2400"]
[BlackElo "2050"]
[PlyCount "107"]
[EventDate "1992.??.??"]
[EventType "tourn"]
[EventRounds "9"]
[EventCountry "USA"]
[SourceTitle "EXT 2002"]
[Source "ChessBase"]
[SourceDate "2001.11.25"]
[SourceVersion "1"]
[SourceVersionDate "2001.11.25"]
[SourceQuality "1"]

1. d4 Nf6 2. Nf3 e6 3. Bg5 h6 4. Bh4 b6 5. e3 Bb7 6. Nbd2 c5 7. c3 Be7 8. Bd3 Nc6 9. 0-0 0-0 10. Re1 d5 11. Qe2 Rc8 12. Rad1 Re8 13. Bxf6 Bxf6 14. dxc5 bxc5 15. e4 Kf8 16. e5 Be7 17. Nf1 Qa5 18. Bb1 Ba6 19. Qc2 g6 20. Ng3 d4 21. h4 d3 22. Qc1 Kg7 23. Qf4 c4 24. Ne4 Rf8 25. b3 cxb3 26. axb3 Rcd8 27. Re3 Qa3 28. Ned2 Qc5 29. Nc4 Bxc4 30. bxc4 Na5 31. Rexd3 Qxc4 32. Nd4 Qc8 33. Rg3 Nc6 34. Qe4 Rg8 35. Kh2 Nxd4 36. cxd4 Kf8 37. Rdd3 h5 38. Qf4 Ke8 39. Rgf3 Rf8 40. Rc3 Qd7 41. Bc2 Rb8 42. Rc4 Rb4 43. Rxb4 Bxb4 44. d5 a5 45. d6 f5 46. Qg5 Qg7 47. Ba4+ Kf7 48. Qe7+ Kg8 49. Qxe6+ Kh7 50. Rg3 f4 51. Rg5 Qf7 52. Qxf7+ Rxf7 53. e6 Rf6 54. e7 1-0

[Event "Belgrade (Women)"]
[Site "Belgrade"]
[Date "1992.??.??"]
[Round "7"]
[White "Maksimovic, Suzana"]
[Black "Levitina, Irina S"]
[Result "0-1"]
[WhiteElo "2285"]
[BlackElo "2400"]
[PlyCount "100"]
[EventDate "1992.??.??"]
[EventType "tourn"]
[EventRounds "11"]
[EventCountry "YUG"]
[EventCategory "6"]
[SourceTitle "TD"]
[Source "ChessBase"]
[SourceDate "1994.03.01"]
[SourceVersion "1"]
[SourceVersionDate "1994.03.01"]
[SourceQuality "1"]

1. d4 d5 2. c4 e6 3. Nc3 Be7 4. Nf3 Nf6 5. Bg5 Nbd7 6. e3 0-0 7. Rc1 a6 8. c5 c6 9. Bd3 b6 10. cxb6 c5 11. 0-0 h6 12. Bh4 Bb7 13. Na4 c4 14. Bb1 Bc6 15. Nc5 Qxb6 16. Nxd7 Bxd7 17. Ne5 Rfd8 18. Qc2 Rab8 19. Ng4 Kf8 20. Nxf6 Bxf6 21. Bxf6 gxf6 22. Qh7 Qxb2 23. Qxh6+ Ke7 24. Qf4 Qb6 25. e4 Qxd4 26. Rfd1 Qe5 27. Qe3 Bb5 28. a4 d4 29. Qa3+ Qd6 30. Qxd6+ Rxd6 31. axb5 axb5 32. Ba2 c3 33. Bb3 b4 34. Rd3 e5 35. Kf1 Ra6 36. Ke2 Rba8 37. Rdd1 Ra3 38. Rb1 Ra2+ 39. Bxa2 Rxa2+ 40. Kf3 c2 41. Rdc1 cxb1Q 42. Rxb1 Ra3+ 43. Ke2 b3 44. g4 Kd6 45. Kd3 Kc5 46. Rc1+ Kb5 47. Rc8 b2+ 48. Kc2 Rc3+ 49. Rxc3 dxc3 50. h4 Kb4 0-1

[Event "Belgrade (Women)"]
[Site "Belgrade"]
[Date "1992.??.??"]
[Round "11"]
[White "Maric, Alisa"]
[Black "Levitina, Irina S"]
[Result "1/2-1/2"]
[WhiteElo "2400"]
[BlackElo "2400"]
[PlyCount "97"]
[EventDate "1992.??.??"]
[EventType "tourn"]
[EventRounds "11"]
[EventCountry "YUG"]
[EventCategory "6"]
[SourceTitle "TD"]
[Source "ChessBase"]
[SourceDate "1994.03.01"]
[SourceVersion "1"]
[SourceVersionDate "1994.03.01"]
[SourceQuality "1"]

1. d4 e6 2. c4 f5 3. Nf3 Nf6 4. Nc3 Bb4 5. Bd2 b6 6. g3 Bb7 7. Bg2 0-0 8. 0-0 Qe8 9. Nb5 Bxd2 10. Qxd2 Qc8 11. Rfd1 d6 12. Rac1 Ne4 13. Qe3 Nd7 14. Nd2 Ndf6 15. f3 Nxd2 16. Qxd2 Qd7 17. Nc3 Rad8 18. d5 c5 19. f4 exd5 20. Nxd5 Kh8 21. Rc3 Bxd5 22. Bxd5 Nxd5 23. Qxd5 Qe7 24. Kf2 Rde8 25. Qf3 Qf6 26. Rd2 Re4 27. Rcd3 Rd8 28. Rd5 g6 29. Qd3 Qe7 30. Qc3+ Kg8 31. e3 Re6 32. a3 Kf7 33. b4 cxb4 34. axb4 Rc8 35. Qb3 Kg7 36. Qd3 h5 37. Qc3+ Kf7 38. R2d3 Rc7 39. R3d4 Qf6 40. Qd3 Ke7 41. Qa3 Kf7 42. Qb3 Rce7 43. Rd3 h4 44. Qa2 hxg3+ 45. hxg3 Qh8 46. Kg2 Qa8 47. Kf2 Qh8 48. Kg2 Qa8 49. Kf2 1/2-1/2

[Event "Candidates (Women)"]
[Site "Shanghai"]
[Date "1992.??.??"]
[Round "7"]
[White "Polgar, Zsuzsa"]
[Black "Levitina, Irina S"]
[Result "1-0"]
[WhiteElo "2540"]
[BlackElo "2415"]
[PlyCount "113"]
[EventDate "1992.10.??"]
[EventType "tourn"]
[EventRounds "18"]
[EventCountry "CHN"]
[EventCategory "7"]
[SourceTitle "CBM 033"]
[Source "ChessBase"]
[SourceDate "1993.04.01"]
[SourceVersion "1"]
[SourceVersionDate "1993.04.01"]
[SourceQuality "1"]

1. d4 Nf6 2. Nf3 e6 3. c4 Bb4+ 4. Nbd2 b6 5. e3 Bb7 6. Bd3 0-0 7. 0-0 d5 8. a3 Bd6 9. b4 c5 10. bxc5 bxc5 11. cxd5 exd5 12. dxc5 Bxc5 13. Bb2 Nbd7 14. Nb3 Be7 15. Nbd4 Ne4 16. Nf5 Bf6 17. Bd4 Ndc5 18. Rc1 Ne6 19. Qa4 Bxd4 20. N3xd4 N6c5 21. Qd1 Nxd3 22. Qxd3 Qf6 23. Qb3 Rab8 24. Qa4 g6 25. Ng3 Qb6 26. Nxe4 dxe4 27. Rb1 Qa6 28. Qd7 Bc8 29. Qe7 Rxb1 30. Rxb1 Qd3 31. Qb4 a5 32. Qb2 Bd7 33. Rc1 Rc8 34. Rxc8+ Bxc8 35. h4 Qa6 36. Qc3 h5 37. Qc6 Kg7 38. Qxe4 Bb7 39. Qe5+ Kh7 40. Qb5 Qxb5 41. Nxb5 Kg7 42. Nd6 Ba6 43. Ne4 Bc4 44. f4 Kf8 45. Nd2 Ba2 46. Kf2 Ke7 47. Ke2 Kd6 48. Kd3 Kc5 49. Ne4+ Kc6 50. Nc3 Bb3 51. Kd4 Be6 52. e4 Bb3 53. f5 Bc2 54. fxg6 fxg6 55. e5 Bf5 56. Nd5 Kd7 57. Ne3 1-0

[Event "Candidates (Women)"]
[Site "Shanghai"]
[Date "1992.??.??"]
[Round "17"]
[White "Wang, Pin"]
[Black "Levitina, Irina S"]
[Result "1-0"]
[WhiteElo "2345"]
[BlackElo "2415"]
[PlyCount "107"]
[EventDate "1992.10.??"]
[EventType "tourn"]
[EventRounds "18"]
[EventCountry "CHN"]
[EventCategory "7"]
[SourceTitle "CBM 033"]
[Source "ChessBase"]
[SourceDate "1993.04.01"]
[SourceVersion "1"]
[SourceVersionDate "1993.04.01"]
[SourceQuality "1"]

1. e4 e6 2. d4 d5 3. Nd2 c5 4. exd5 exd5 5. Bb5+ Bd7 6. Bxd7+ Nxd7 7. Ngf3 Ngf6 8. 0-0 Be7 9. dxc5 Nxc5 10. Nb3 Nce4 11. Nbd4 0-0 12. Nf5 Bc5 13. Be3 Re8 14. Bxc5 Nxc5 15. Ne3 Na4 16. Rb1 Qa5 17. c3 Nb6 18. Qb3 Rad8 19. Rbd1 Re4 20. Rd2 Qc5 21. Nd4 g6 22. Rfd1 Rde8 23. Ndc2 Qc7 24. Rd4 h5 25. h3 R8e5 26. a4 Rxd4 27. Rxd4 Qc5 28. Qb4 Qxb4 29. Rxb4 Re7 30. a5 Nc8 31. Rb5 Rd7 32. Nb4 Ne7 33. Nd3 Rc7 34. Nc5 a6 35. Rxb7 Rxc5 36. Rxe7 Rxa5 37. Rb7 Kg7 38. Kf1 Ra2 39. Ke2 a5 40. Kd3 a4 41. f3 a3 42. bxa3 Rxa3 43. g4 Ra2 44. g5 Nh7 45. f4 Rh2 46. Nxd5 Rxh3+ 47. Kd4 Rh1 48. Nc7 Rd1+ 49. Kc5 Kf8 50. Rb8+ Ke7 51. Nd5+ Ke6 52. Re8+ Kd7 53. Re7+ Kd8 54. Rxf7 1-0